Statistics for Scientific Units

Click here to take the quiz!

General Stats

  • This quiz has been taken 27 times
  • The average score is 56 of 80

Answer Stats

QuestionTileSelect% Correct
units of distanceAmpereNo
100%
units of distanceCandelaNo
100%
units of distanceRydbergNo
100%
units of distanceTeslaNo
100%
units of distanceVoltNo
100%
units of distanceWeberNo
100%
units of distanceFootYes
96%
units of timeAmpereNo
92%
units of weightCoulombNo
92%
units of timeGigabyteNo
92%
units of timeHartreeNo
92%
units of energyHourNo
92%
units of weightJoule-secondNo
92%
units of energyKilogramNo
92%
units of distanceKilogramNo
92%
units of timeMillisecondYes
92%
units of timeMinuteYes
92%
units of distanceNanometreYes
92%
units of energyNanosecondNo
92%
units of timeOhmNo
92%
units of timeTeslaNo
92%
units of weightWattNo
92%
units of weightWeberNo
92%
units of weightCalorieNo
88%
units used in electromagnetic theoryEuroNo
88%
units of timeFaradayNo
88%
units of distanceLightyearYes
88%
units of timeMhoNo
88%
units of energyMhoNo
88%
units of weightOhmNo
88%
units of energyPetabyteNo
88%
units used in electromagnetic theoryDollarNo
84%
units used in electromagnetic theoryLightsecondNo
84%
units used in electromagnetic theoryAstronomical unitNo
80%
units of distanceCubic metreNo
80%
units used in electromagnetic theoryGigabyteNo
80%
units of timeGigaminuteYes
80%
units used in electromagnetic theoryHectareNo
80%
units of energyJouleYes
80%
units of distanceMillilitreNo
80%
units of weightPascalNo
80%
units of distanceHectareNo
76%
units of timeKilowatt-hourNo
76%
units of timeLightyearNo
76%
units of weightLitreNo
76%
units of distancePicometreYes
76%
units of timeFemtosecondYes
72%
units of timeMillenniumYes
72%
units used in electromagnetic theoryMoleNo
72%
units of distanceLightsecondYes
68%
units of distanceAstronomical unitYes
64%
units of energyCoulombNo
64%
units of energyMegacalorieYes
64%
units used in electromagnetic theoryTeslaYes
64%
units used in electromagnetic theoryAmpereYes
60%
units used in electromagnetic theoryCoulombYes
60%
units of energyHertzNo
60%
units of timeJoule-secondNo
60%
units used in electromagnetic theoryOhmYes
60%
units of energyTeslaNo
60%
units used in electromagnetic theoryVoltYes
60%
units of energyAmpereNo
56%
units of timeArcminuteNo
56%
units of energyFemtojouleYes
52%
units used in electromagnetic theoryWeberYes
44%
units of energyWattNo
40%
units of energyVoltNo
36%
units used in electromagnetic theoryJouleYes
32%
units used in electromagnetic theoryMhoYes
32%
units used in electromagnetic theoryFaradayNo
28%
units of weightMeganewtonYes
28%
units of weightMicrogramNo
28%
units of weightMicronewtonYes
24%
units of weightKilogramNo
20%
units of weightNewtonYes
20%
units of weightOunceNo
16%
units of weightTonneNo
16%
units of weightPoundNo
8%
units of energyRydbergYes
4%
units of energyHartreeYes
0%

Score Distribution

Percentile by Number Answered

Percent of People with Each Score

Your Score History

You have not taken this quiz